| 000 | 00498nam a22001817a 4500 | ||
|---|---|---|---|
| 999 |
_c158016 _d158016 |
||
| 005 | 20181013113232.0 | ||
| 010 | _aENG-124302 | ||
| 020 |
_c150.00 _a9789350451571 |
||
| 035 | _aEN-107834 | ||
| 037 | _bDBAD/PUB | ||
| 082 | _a881 | ||
| 100 | _aPutatunda, Nileen | ||
| 245 |
_aSweet / _cby Nileen Putatunda |
||
| 260 |
_aCalcutta _bWriters Workshop Books _c2017 |
||
| 270 |
_bCalcutta _e700045 _a162/92 Lake gardens |
||
| 300 |
_a80p. _c21cm (Hb) |
||
| 942 |
_2ddc _cEN _h881 _mPUT |
||